<?xml version="1.0" encoding="UTF-8"?>
<marc:record xmlns:marc="http://www.loc.gov/MARC21/slim">
   <marc:leader>00000nam a2200000 a 4500</marc:leader>
   <marc:datafield ind1="1" ind2=" " tag="100">
      <marc:subfield code="a">Lasseter, John</marc:subfield>
   </marc:datafield>
   <marc:datafield ind1="0" ind2="0" tag="245">
      <marc:subfield code="a">Toy Story 2 [Bildtonträger]</marc:subfield>
   </marc:datafield>
   <marc:datafield ind1="0" ind2="0" tag="245">
      <marc:subfield code="c">Regie: John Lasseter</marc:subfield>
   </marc:datafield>
   <marc:datafield ind1=" " ind2="1" tag="264">
      <marc:subfield code="b">Pixar</marc:subfield>
      <marc:subfield code="c">2020</marc:subfield>
   </marc:datafield>
   <marc:datafield ind1="1" ind2=" " tag="520">
      <marc:subfield code="a">Als Woody, Buzz Lightyear und die anderen Spielzeuge aus Andys Kinderzimmer in ein neues unglaubliches Abenteuer verwickelt werden, lernen sie nicht nur wertvolle Lektionen über Freundschaft und Zusammenhalt, sondern finden mit dem Cowgirl Jessie und ihrem Begleiter Buly auch zwei neue liebenswerte Freunde.</marc:subfield>
   </marc:datafield>
   <marc:datafield ind1=" " ind2=" " tag="020">
      <marc:subfield code="a">8717418520144</marc:subfield>
      <marc:subfield code="9">8717418520144</marc:subfield>
   </marc:datafield>
   <marc:datafield ind1=" " ind2=" " tag="500">
      <marc:subfield code="a">Orig. : USA 1999. Sprache: DTS-HD 5.1 ES: Englisch, DTS 5.1 ES: Deutsch, DD 5.1 EX: Türkisch, Hebräisch, Portugiesisch. Untertitel: Deutsch, Englisch, Türkisch, Hebräisch, Portugiesisch, Englisch für Hörgeschädigte</marc:subfield>
   </marc:datafield>
   <marc:datafield ind1="0" ind2=" " tag="490">
      <marc:subfield code="v">0</marc:subfield>
   </marc:datafield>
   <marc:datafield ind1=" " ind2=" " tag="300">
      <marc:subfield code="a">1 DVD (89 Min.) : farbig</marc:subfield>
   </marc:datafield>
</marc:record>
